000 02562cam a22005414i 4500
003 PE-LiUPU
005 20250731165606.0
008 150706s2006 pe a rb 000 0 d
035 _a(Sirsi) a48197
040 _aPE-LiUPU
_bspa
_cPE-LiUPU
_erda
049 _aPRUA
082 0 4 _a001.402
_bR74
_221
100 1 _aRodríguez de los Ríos, Luis,
_eautor.
245 1 0 _aSeminario de investigación II /
_cLuis Rodríguez de los Ríos y Carmen Zevallos Choy.
264 1 _aLima :
_bFondo Editorial de la UIGV,
_c2006.
300 _a184 páginas :
_bilustraciones ;
_c24 cm.
336 _atext
_2rdacontent
337 _aunmediated
_2rdamedia
338 _avolume
_2rdacarrier
504 _aIncluye referencias bibliográficas.
505 0 _a¿Cuáles son los fundamentos de la ciencia y el conocimiento científico? -- El conocimiento -- El conocimiento científico -- Fundamentos de la ciencia -- El método científico -- ¿Cuál es la relación entre la ciencia y la investigación? -- ¿Cuáles son los paradigmas y enfoques de la investigación científica? -- ¿Cuáles son las etapas de la investigación? -- ¿Cómo se hace una investigación? -- ¿Qué técnicas e instrumentos se utilizan en la investigación?.
526 _aSEG44
526 _aSEG26
526 _aP151
526 _aP150
526 _aP149
526 _aP146
526 _aP145
526 _aP126
526 _aP125
526 _aP92
526 _aP75
526 _aP74
526 _aP27
526 _aP15
541 _g015-0011157;
541 _g015-0011157;
650 0 4 _aInvestigación
_xMetodología.
700 1 _aZevallos Choy, Carmen,
_eautor.
910 _agl
_bjv
_clch
_d20100222
942 _2ddc
_cBOOK
949 _a001.402 R74
_wDEWEY
_c1
_i61120
_lCCODEBUL1
_mBUL
_p08.00
_r0
_sY
_tLIBRO
_u2015-07-06
_xFCE
_PP04
_o.STAFF. Colección General
949 _a001.402 R74
_wDEWEY
_c2
_i61119
_lCCODEBUL1
_mBUL
_p08.00
_r0
_sY
_tLIBRO
_u2015-07-06
_xFCE
_PP04
_o.STAFF. Colección General
994 _aC0
_bPEPRU
596 _a1
999 _a001.402 R74
_wDEWEY
_c50422
_i61120
_d50422
_e2019-11-19
_f2021-11-4
_g6
_lCCODEBUL1
_mBUL
_n3
_p8.00
_r0
_sY
_tBOOK
_u2015-7-6
_xBIBLIOTECA
_PP04
_0COMPRA
_o.STAFF. Colección General
999 _a001.402 R74
_wDEWEY
_c2
_i61119
_d2015-8-25
_e2015-8-21
_f2021-11-4
_g6
_lCCODEBUL1
_mBUL
_n1
_p8.00
_r0
_sY
_tBOOK
_u2015-7-6
_xBIBLIOTECA
_PP04
_0COMPRA
_o.STAFF. Colección General
980 _81
_gALBERTO SANCHEZ Responsable de Automatización